[Event "Open"]
[Site "Maastricht, NL"]
[Date "2025.06.08"]
[Round "4"]
[White "Lahaye, Rick"]
[Black "Mueer, Sebastian"]
[Result "1-0"]
[Board "11"]
[WhiteFideId "1007092"]
[BlackFideId "24622001"]
[WhiteElo "2390"]
[BlackElo "2208"]
[WhiteTeam "NED"]
[BlackTeam "GER"]
[WhiteClock "0:02:35"]
[BlackClock "0:05:18"]
[Variant "Standard"]

1. g3 {[%clk 1:30:30]}  d5 {[%clk 1:24:06]} 2. Bg2 {[%clk 1:30:45]}  Nf6 {[%clk 1:24:17]} 3. d3 {[%clk 1:30:56]}  c5 {[%clk 1:22:09]} 4. a3 {[%clk 1:30:46]}  e5 {[%clk 1:20:52]} 5. c3 {[%clk 1:21:53]}  Nc6 {[%clk 1:19:07]} 6. Bg5 {[%clk 1:15:02]}  Be6 {[%clk 1:10:57]} 7. Bxf6 {[%clk 1:14:08]}  Qxf6 {[%clk 1:07:38]} 8. Nd2 {[%clk 1:14:16]}  Qd8 {[%clk 1:07:07]} 9. c4 {[%clk 1:07:31]}  Qd7 {[%clk 1:05:56]} 10. cxd5 {[%clk 1:01:51]}  Bxd5 {[%clk 1:02:59]} 11. Bxd5 {[%clk 1:02:16]}  Qxd5 {[%clk 1:03:17]} 12. Ngf3 {[%clk 1:02:43]}  Be7 {[%clk 0:53:18]} 13. Rc1 {[%clk 0:53:39]}  b6 {[%clk 0:51:57]} 14. Qa4 {[%clk 0:53:10]}  O-O {[%clk 0:48:45]} 15. Qc4 {[%clk 0:45:31]}  Qd7 {[%clk 0:43:08]} 16. g4 {[%clk 0:39:04]}  Nd4 {[%clk 0:27:17]} 17. Rg1 {[%clk 0:32:21]}  b5 {[%clk 0:25:44]} 18. Qc3 {[%clk 0:31:28]}  Qd5 {[%clk 0:23:46]} 19. Rg3 {[%clk 0:31:17]}  h6 {[%clk 0:21:16]} 20. e3 {[%clk 0:30:25]}  Nxf3+ {[%clk 0:20:40]} 21. Rxf3 {[%clk 0:30:36]}  Rac8 {[%clk 0:18:30]} 22. Ke2 {[%clk 0:29:44]}  Rfd8 {[%clk 0:17:54]} 23. a4 {[%clk 0:20:45]}  a6 {[%clk 0:18:04]} 24. Rf5 {[%clk 0:20:17]}  Qg2 {[%clk 0:16:14]} 25. Qxe5 {[%clk 0:11:03]}  c4 {[%clk 0:10:09]} 26. d4 {[%clk 0:10:52]}  Bh4 {[%clk 0:08:58]} 27. Qe4 {[%clk 0:10:11]}  Qxe4 {[%clk 0:06:18]} 28. Nxe4 {[%clk 0:10:40]}  bxa4 {[%clk 0:05:55]} 29. Ra5 {[%clk 0:10:11]}  Rb8 {[%clk 0:06:24]} 30. Rxc4 {[%clk 0:09:55]}  Rxb2+ {[%clk 0:06:53]} 31. Kf3 {[%clk 0:10:24]}  Rdb8 {[%clk 0:05:40]} 32. Rxa6 {[%clk 0:10:30]}  h5 {[%clk 0:04:15]} 33. h3 {[%clk 0:10:43]}  f5 {[%clk 0:04:42]} 34. gxf5 {[%clk 0:10:26]}  Rf8 {[%clk 0:05:11]} 35. f6 {[%clk 0:09:44]}  gxf6 {[%clk 0:04:54]} 36. Ng3 {[%clk 0:07:26]}  f5 {[%clk 0:04:52]} 37. Rcxa4 {[%clk 0:04:32]}  f4 {[%clk 0:05:07]} 38. exf4 {[%clk 0:05:01]}  Rb3+ {[%clk 0:05:28]} 39. Kg2 {[%clk 0:05:29]}  Rxf4 {[%clk 0:05:35]} 40. Ra8+ {[%clk 0:05:40]}  Kf7 {[%clk 0:05:45]} 41. R4a7+ {[%clk 0:04:42]}  Ke6 {[%clk 0:05:36]} 42. Re8+ {[%clk 0:02:35]}  Kd6 {[%clk 0:05:50]} 43. Ne4+ {[%clk 0:02:13]}  Kd5 {[%clk 0:05:22]} 44. Ra5+ {[%clk 0:02:42]}  Kc6 {[%clk 0:04:57]} 45. Re6+ {[%clk 0:01:24]}  Kc7 {[%clk 0:04:05]} 46. Ra7+ {[%clk 0:01:10]}  Kb8 {[%clk 0:04:34]} 47. Rh7 {[%clk 0:01:23]}  Rf8 {[%clk 0:05:03]} 48. Rxh5 {[%clk 0:01:39]}  Bxf2 {[%clk 0:05:32]} 49. Nf6 {[%clk 0:01:28]}  Rc8 {[%clk 0:04:45]} 50. Kxf2 {[%clk 0:01:43]}  Rc2+ {[%clk 0:04:59]} 51. Re2 {[%clk 0:02:12]}  Rcc3 {[%clk 0:05:23]} 52. Rh7 {[%clk 0:02:10]}  Rf3+ {[%clk 0:05:18]} 53. Kg2 {[%clk 0:02:35]} 1-0

[Event "Open"]
[Site "Maastricht, NL"]
[Date "2025.06.08"]
[Round "4"]
[White "Pham, Khoi"]
[Black "Schmitz, Philipp"]
[Result "1/2-1/2"]
[Board "12"]
[WhiteFideId "1054988"]
[BlackFideId "1270142"]
[WhiteTitle "IM"]
[WhiteElo "2377"]
[BlackElo "2164"]
[WhiteTeam "NED"]
[BlackTeam "GER"]
[WhiteClock "0:04:54"]
[BlackClock "0:12:01"]
[Variant "Standard"]

1. e4 {[%clk 1:30:25]}  c5 {[%clk 1:30:52]} 2. Nf3 {[%clk 1:30:40]}  d6 {[%clk 1:31:12]} 3. d4 {[%clk 1:31:02]}  cxd4 {[%clk 1:31:35]} 4. Nxd4 {[%clk 1:31:28]}  Nf6 {[%clk 1:31:59]} 5. Nc3 {[%clk 1:31:51]}  a6 {[%clk 1:32:22]} 6. h3 {[%clk 1:31:55]}  e6 {[%clk 1:31:38]} 7. g4 {[%clk 1:32:04]}  Qc7 {[%clk 1:28:04]} 8. g5 {[%clk 1:29:57]}  Nfd7 {[%clk 1:28:25]} 9. Be3 {[%clk 1:29:02]}  Nc6 {[%clk 1:28:38]} 10. a3 {[%clk 1:22:56]}  Be7 {[%clk 1:21:16]} 11. h4 {[%clk 1:22:08]}  b5 {[%clk 1:21:23]} 12. Nxc6 {[%clk 1:20:16]}  Qxc6 {[%clk 1:21:43]} 13. Qd4 {[%clk 1:20:35]}  Ne5 {[%clk 1:19:00]} 14. O-O-O {[%clk 1:17:17]}  O-O {[%clk 1:17:05]} 15. f4 {[%clk 1:14:56]}  Nc4 {[%clk 1:09:47]} 16. Bxc4 {[%clk 1:14:29]}  bxc4 {[%clk 1:10:10]} 17. h5 {[%clk 1:12:36]}  Rd8 {[%clk 1:05:41]} 18. h6 {[%clk 1:08:00]}  Bf8 {[%clk 1:06:02]} 19. hxg7 {[%clk 1:00:54]}  Bxg7 {[%clk 1:06:20]} 20. Qd2 {[%clk 1:01:21]}  Bxc3 {[%clk 1:04:19]} 21. Qxc3 {[%clk 1:01:04]}  Qxe4 {[%clk 1:04:41]} 22. Rh4 {[%clk 0:54:44]}  e5 {[%clk 1:01:29]} 23. Rdh1 {[%clk 0:53:29]}  Bf5 {[%clk 0:51:30]} 24. fxe5 {[%clk 0:53:06]}  Qf3 {[%clk 0:51:29]} 25. Qe1 {[%clk 0:34:44]}  Bg6 {[%clk 0:46:27]} 26. Bd4 {[%clk 0:26:16]}  Qf5 {[%clk 0:44:13]} 27. Kb1 {[%clk 0:13:02]}  Re8 {[%clk 0:29:48]} 28. R4h2 {[%clk 0:10:38]}  dxe5 {[%clk 0:29:41]} 29. Re2 {[%clk 0:10:45]}  f6 {[%clk 0:25:50]} 30. Rf1 {[%clk 0:10:28]}  Qxg5 {[%clk 0:22:54]} 31. Be3 {[%clk 0:10:54]}  Qg4 {[%clk 0:21:24]} 32. Rxf6 {[%clk 0:10:52]}  Rf8 {[%clk 0:21:09]} 33. Rxf8+ {[%clk 0:05:11]}  Rxf8 {[%clk 0:21:36]} 34. Bh6 {[%clk 0:05:27]}  Rd8 {[%clk 0:18:49]} 35. Rd2 {[%clk 0:05:17]}  Rxd2 {[%clk 0:14:30]} 36. Qxd2 {[%clk 0:05:46]}  Qd4 {[%clk 0:14:08]} 37. Qb4 {[%clk 0:05:11]}  Kf7 {[%clk 0:11:40]} 38. Qb7+ {[%clk 0:05:06]}  Ke6 {[%clk 0:10:39]} 39. Qxa6+ {[%clk 0:05:16]}  Kf5 {[%clk 0:10:22]} 40. Qc8+ {[%clk 0:05:40]}  Ke4 {[%clk 0:10:47]} 41. Qg4+ {[%clk 0:04:05]}  Kd5 {[%clk 0:11:10]} 42. Qd7+ {[%clk 0:04:26]}  Ke4 {[%clk 0:11:35]} 43. Qg4+ {[%clk 0:04:27]}  Kd5 {[%clk 0:12:01]} 44. Qd7+ {[%clk 0:04:54]} 1/2-1/2

[Event "Open"]
[Site "Maastricht, NL"]
[Date "2025.06.08"]
[Round "5"]
[White "Warmerdam, Max"]
[Black "Gurevich, Mikhail"]
[Result "1-0"]
[Board "1"]
[WhiteFideId "1048104"]
[BlackFideId "200930"]
[WhiteTitle "GM"]
[BlackTitle "GM"]
[WhiteElo "2613"]
[BlackElo "2567"]
[WhiteTeam "NED"]
[BlackTeam "BEL"]
[WhiteClock "0:27:22"]
[BlackClock "0:16:33"]
[Variant "Standard"]

1. c4 {[%clk 1:26:05]}  f5 {[%clk 1:30:21]} 2. d4 {[%clk 1:26:29]}  Nf6 {[%clk 1:30:46]} 3. Nc3 {[%clk 1:26:54]}  d6 {[%clk 1:31:12]} 4. Bg5 {[%clk 1:27:09]}  Nbd7 {[%clk 1:31:36]} 5. e3 {[%clk 1:27:17]}  g6 {[%clk 1:24:29]} 6. Bd3 {[%clk 1:26:53]}  e5 {[%clk 1:21:33]} 7. f3 {[%clk 1:25:15]}  Bg7 {[%clk 1:17:29]} 8. Nge2 {[%clk 1:25:28]}  O-O {[%clk 1:16:46]} 9. Qd2 {[%clk 1:25:34]}  c6 {[%clk 1:16:01]} 10. O-O {[%clk 1:25:25]}  a5 {[%clk 1:06:40]} 11. Kh1 {[%clk 1:16:38]}  Qe7 {[%clk 1:02:28]} 12. Rad1 {[%clk 1:12:57]}  Nb6 {[%clk 0:50:37]} 13. b3 {[%clk 1:11:20]}  Be6 {[%clk 0:46:21]} 14. e4 {[%clk 1:06:27]}  fxe4 {[%clk 0:44:27]} 15. Nxe4 {[%clk 1:04:40]}  Nbd7 {[%clk 0:44:00]} 16. Rfe1 {[%clk 0:48:54]}  Rfe8 {[%clk 0:41:57]} 17. d5 {[%clk 0:44:32]}  cxd5 {[%clk 0:38:43]} 18. cxd5 {[%clk 0:44:45]}  Bf5 {[%clk 0:35:25]} 19. N2g3 {[%clk 0:36:08]}  Bxe4 {[%clk 0:35:47]} 20. Nxe4 {[%clk 0:36:33]}  Rec8 {[%clk 0:27:16]} 21. Bb5 {[%clk 0:34:26]}  Qf8 {[%clk 0:26:10]} 22. Bxd7 {[%clk 0:34:27]}  Nxd7 {[%clk 0:26:34]} 23. Rc1 {[%clk 0:34:45]}  a4 {[%clk 0:20:58]} 24. bxa4 {[%clk 0:33:32]}  Rxa4 {[%clk 0:18:50]} 25. Be7 {[%clk 0:28:36]}  Rxc1 {[%clk 0:19:14]} 26. Bxf8 {[%clk 0:29:01]}  Rxe1+ {[%clk 0:19:40]} 27. Qxe1 {[%clk 0:29:26]}  Bxf8 {[%clk 0:20:06]} 28. h4 {[%clk 0:28:27]}  Rxa2 {[%clk 0:18:23]} 29. h5 {[%clk 0:27:59]}  Be7 {[%clk 0:16:33]} 30. Qb1 {[%clk 0:27:22]} 1-0

[Event "Open"]
[Site "Maastricht, NL"]
[Date "2025.06.08"]
[Round "5"]
[White "Smeets, Kobe"]
[Black "Bok, Benjamin"]
[Result "0-1"]
[Board "2"]
[WhiteFideId "1063910"]
[BlackFideId "1017063"]
[WhiteTitle "FM"]
[BlackTitle "GM"]
[WhiteElo "2323"]
[BlackElo "2582"]
[WhiteTeam "NED"]
[BlackTeam "NED"]
[WhiteClock "0:00:48"]
[BlackClock "0:02:48"]
[Variant "Standard"]

1. e4 {[%clk 1:30:58]}  c5 {[%clk 1:28:25]} 2. Nf3 {[%clk 1:31:17]}  d6 {[%clk 1:28:38]} 3. d4 {[%clk 1:31:34]}  cxd4 {[%clk 1:29:03]} 4. Nxd4 {[%clk 1:31:58]}  Nf6 {[%clk 1:29:28]} 5. Nc3 {[%clk 1:32:19]}  a6 {[%clk 1:29:52]} 6. Be3 {[%clk 1:32:19]}  e5 {[%clk 1:29:52]} 7. Nb3 {[%clk 1:32:26]}  Be6 {[%clk 1:29:44]} 8. Be2 {[%clk 1:32:44]}  Be7 {[%clk 1:28:43]} 9. O-O {[%clk 1:33:00]}  Nbd7 {[%clk 1:23:56]} 10. a4 {[%clk 1:31:10]}  O-O {[%clk 1:20:42]} 11. a5 {[%clk 1:29:18]}  Rc8 {[%clk 1:17:53]} 12. Bf3 {[%clk 1:27:42]}  Qc7 {[%clk 1:15:13]} 13. Re1 {[%clk 1:26:03]}  Rfe8 {[%clk 1:12:44]} 14. Nd2 {[%clk 1:23:08]}  h6 {[%clk 1:06:27]} 15. Nf1 {[%clk 1:20:30]}  Nf8 {[%clk 1:03:44]} 16. Bd2 {[%clk 1:08:16]}  N8h7 {[%clk 1:01:32]} 17. h4 {[%clk 1:05:02]}  Bd8 {[%clk 0:56:31]} 18. Ne3 {[%clk 1:02:57]}  Qc5 {[%clk 0:55:17]} 19. Na4 {[%clk 0:37:21]}  Qc6 {[%clk 0:55:36]} 20. Nc3 {[%clk 0:37:36]}  Qc7 {[%clk 0:44:32]} 21. b3 {[%clk 0:36:50]}  Nf8 {[%clk 0:39:22]} 22. Na4 {[%clk 0:31:06]}  Qb8 {[%clk 0:28:28]} 23. c4 {[%clk 0:28:38]}  Ng6 {[%clk 0:26:03]} 24. g3 {[%clk 0:28:32]}  Ne7 {[%clk 0:23:23]} 25. Bc3 {[%clk 0:17:47]}  Nc6 {[%clk 0:20:11]} 26. Qd2 {[%clk 0:18:08]}  Nd7 {[%clk 0:13:56]} 27. Nf5 {[%clk 0:07:41]}  Nc5 {[%clk 0:08:44]} 28. Nxd6 {[%clk 0:01:20]}  Nxb3 {[%clk 0:07:43]} 29. Qd1 {[%clk 0:01:44]}  Nxa1 {[%clk 0:07:49]} 30. Nxe8 {[%clk 0:02:04]}  Bxa5 {[%clk 0:07:19]} 31. Bxa5 {[%clk 0:00:50]}  Nxa5 {[%clk 0:07:45]} 32. Nd6 {[%clk 0:00:58]}  Rd8 {[%clk 0:07:53]} 33. Qxa1 {[%clk 0:00:44]}  Qxd6 {[%clk 0:08:00]} 34. Rd1 {[%clk 0:00:53]}  Qc7 {[%clk 0:08:25]} 35. Rxd8+ {[%clk 0:01:16]}  Qxd8 {[%clk 0:08:55]} 36. Nc5 {[%clk 0:01:07]}  Bxc4 {[%clk 0:03:52]} 37. Qxe5 {[%clk 0:01:20]}  b6 {[%clk 0:02:50]} 38. Na4 {[%clk 0:01:18]}  Qd3 {[%clk 0:02:41]} 39. Qb8+ {[%clk 0:00:41]}  Kh7 {[%clk 0:03:10]} 40. Qxb6 {[%clk 0:00:48]}  Qxf3 {[%clk 0:02:41]} 41. Qxa5 {[%clk 0:01:17]}  Qxe4 {[%clk 0:03:02]} 42. Nc5 {[%clk 0:01:09]}  Qb1+ {[%clk 0:02:46]} 43. Kh2 {[%clk 0:00:48]}  Bd5 {[%clk 0:02:48]} 0-1

[Event "Open"]
[Site "Maastricht, NL"]
[Date "2025.06.08"]
[Round "5"]
[White "Laurent-Paoli, Pierre"]
[Black "Lenaerts, Lennert"]
[Result "1-0"]
[Board "3"]
[WhiteFideId "26017962"]
[BlackFideId "211435"]
[WhiteTitle "GM"]
[BlackTitle "FM"]
[WhiteElo "2545"]
[BlackElo "2337"]
[WhiteTeam "FRA"]
[BlackTeam "BEL"]
[WhiteClock "0:01:50"]
[BlackClock "0:02:10"]
[Variant "Standard"]

1. d4 {[%clk 1:21:06]}  Nf6 {[%clk 1:30:52]} 2. c4 {[%clk 1:20:35]}  e6 {[%clk 1:31:18]} 3. Nf3 {[%clk 1:20:42]}  d5 {[%clk 1:31:42]} 4. g3 {[%clk 1:21:09]}  Be7 {[%clk 1:31:57]} 5. Bg2 {[%clk 1:21:29]}  O-O {[%clk 1:32:23]} 6. O-O {[%clk 1:21:24]}  dxc4 {[%clk 1:32:24]} 7. Ne5 {[%clk 1:21:27]}  Nc6 {[%clk 1:30:58]} 8. Bxc6 {[%clk 1:21:51]}  bxc6 {[%clk 1:31:25]} 9. Nxc6 {[%clk 1:22:15]}  Qe8 {[%clk 1:31:38]} 10. Nxe7+ {[%clk 1:22:39]}  Qxe7 {[%clk 1:32:05]} 11. Qc2 {[%clk 1:22:52]}  c5 {[%clk 1:26:18]} 12. b3 {[%clk 1:23:17]}  Rd8 {[%clk 1:24:36]} 13. dxc5 {[%clk 1:23:31]}  Qxc5 {[%clk 1:24:49]} 14. Qxc4 {[%clk 1:23:56]}  Qxc4 {[%clk 1:24:49]} 15. bxc4 {[%clk 1:24:22]}  Ba6 {[%clk 1:24:58]} 16. Na3 {[%clk 1:24:37]}  Rdc8 {[%clk 1:22:19]} 17. Bb2 {[%clk 1:24:52]}  Bxc4 {[%clk 1:22:14]} 18. Nxc4 {[%clk 1:25:17]}  Rxc4 {[%clk 1:22:43]} 19. Rfc1 {[%clk 1:24:26]}  Rac8 {[%clk 1:17:14]} 20. Rxc4 {[%clk 1:24:50]}  Rxc4 {[%clk 1:17:43]} 21. Rc1 {[%clk 1:25:11]}  Rxc1+ {[%clk 1:18:10]} 22. Bxc1 {[%clk 1:25:38]}  Nd5 {[%clk 1:18:07]} 23. Bb2 {[%clk 1:16:20]}  f5 {[%clk 1:10:57]} 24. Kf1 {[%clk 1:11:23]}  a6 {[%clk 1:03:13]} 25. Ke1 {[%clk 1:09:47]}  Kf7 {[%clk 0:41:09]} 26. Kd2 {[%clk 1:09:44]}  g5 {[%clk 0:39:38]} 27. Kd3 {[%clk 1:04:42]}  Ke7 {[%clk 0:37:05]} 28. Kd4 {[%clk 0:51:51]}  Kd6 {[%clk 0:30:55]} 29. Ba3+ {[%clk 0:48:15]}  Kc6 {[%clk 0:31:17]} 30. f3 {[%clk 0:44:28]}  g4 {[%clk 0:27:55]} 31. fxg4 {[%clk 0:42:20]}  fxg4 {[%clk 0:28:19]} 32. Bb2 {[%clk 0:37:05]}  Kd6 {[%clk 0:18:50]} 33. Ke4 {[%clk 0:36:12]}  h5 {[%clk 0:19:16]} 34. Bd4 {[%clk 0:34:22]}  Nb4 {[%clk 0:17:56]} 35. a3 {[%clk 0:34:13]}  Nd5 {[%clk 0:12:35]} 36. Bg7 {[%clk 0:32:00]}  a5 {[%clk 0:10:59]} 37. Kd4 {[%clk 0:30:48]}  Kc6 {[%clk 0:07:01]} 38. Bh6 {[%clk 0:26:32]}  Kb5 {[%clk 0:05:36]} 39. Bc1 {[%clk 0:12:48]}  Ka4 {[%clk 0:05:22]} 40. e4 {[%clk 0:10:36]}  Nc7 {[%clk 0:05:50]} 41. Ke5 {[%clk 0:10:12]}  Kb3 {[%clk 0:06:18]} 42. Kd6 {[%clk 0:09:15]}  Nb5+ {[%clk 0:06:46]} 43. Kxe6 {[%clk 0:09:32]}  Kc2 {[%clk 0:04:48]} 44. Bf4 {[%clk 0:07:17]}  Nxa3 {[%clk 0:05:13]} 45. e5 {[%clk 0:07:36]}  a4 {[%clk 0:04:22]} 46. Kf5 {[%clk 0:04:49]}  Nc4 {[%clk 0:04:10]} 47. e6 {[%clk 0:05:15]}  a3 {[%clk 0:04:38]} 48. e7 {[%clk 0:05:24]}  a2 {[%clk 0:05:03]} 49. e8=Q {[%clk 0:05:23]}  a1=Q {[%clk 0:05:28]} 50. Qxh5 {[%clk 0:05:09]}  Qh1 {[%clk 0:04:00]} 51. Kxg4 {[%clk 0:04:34]}  Qe4 {[%clk 0:03:59]} 52. Kh3 {[%clk 0:04:06]}  Kc3 {[%clk 0:03:50]} 53. Qf7 {[%clk 0:02:59]}  Kd3 {[%clk 0:03:39]} 54. Qh5 {[%clk 0:01:38]}  Ne3 {[%clk 0:02:58]} 55. Bxe3 {[%clk 0:01:11]}  Kxe3 {[%clk 0:03:26]} 56. Qg5+ {[%clk 0:01:29]}  Kf3 {[%clk 0:02:01]} 57. g4 {[%clk 0:01:06]}  Qh7 {[%clk 0:01:23]} 58. Qh5 {[%clk 0:01:27]}  Qc7 {[%clk 0:01:41]} 59. Qf5+ {[%clk 0:01:45]}  Ke3 {[%clk 0:02:10]} 60. g5 {[%clk 0:01:50]} 1-0

[Event "Open"]
[Site "Maastricht, NL"]
[Date "2025.06.08"]
[Round "5"]
[White "Beerdsen, Thomas"]
[Black "Van Batenburg, Mees"]
[Result "0-1"]
[Board "4"]
[WhiteFideId "1030108"]
[BlackFideId "1078259"]
[WhiteTitle "GM"]
[WhiteElo "2538"]
[BlackElo "2218"]
[WhiteTeam "NED"]
[BlackTeam "NED"]
[WhiteClock "0:02:40"]
[BlackClock "0:02:28"]
[Variant "Standard"]

1. e4 {[%clk 1:26:14]}  e6 {[%clk 1:30:29]} 2. d4 {[%clk 1:26:39]}  d5 {[%clk 1:30:55]} 3. Nc3 {[%clk 1:27:05]}  Bb4 {[%clk 1:31:21]} 4. e5 {[%clk 1:27:30]}  c5 {[%clk 1:31:49]} 5. a3 {[%clk 1:27:55]}  Bxc3+ {[%clk 1:32:16]} 6. bxc3 {[%clk 1:28:19]}  Nc6 {[%clk 1:32:43]} 7. Qg4 {[%clk 1:26:32]}  g6 {[%clk 1:32:09]} 8. h4 {[%clk 1:26:02]}  h6 {[%clk 1:32:32]} 9. a4 {[%clk 1:25:25]}  Qa5 {[%clk 1:32:21]} 10. Bd2 {[%clk 1:25:43]}  c4 {[%clk 1:31:19]} 11. Qd1 {[%clk 1:16:01]}  Bd7 {[%clk 1:28:25]} 12. Nh3 {[%clk 1:09:27]}  f5 {[%clk 1:20:22]} 13. Be2 {[%clk 1:02:56]}  O-O-O {[%clk 1:18:38]} 14. Nf4 {[%clk 0:54:27]}  Nge7 {[%clk 1:18:12]} 15. Qc1 {[%clk 0:53:31]}  Rdf8 {[%clk 1:03:41]} 16. Qa3 {[%clk 0:52:40]}  g5 {[%clk 0:55:50]} 17. Nh5 {[%clk 0:52:04]}  f4 {[%clk 0:55:20]} 18. Nf6 {[%clk 0:51:04]}  Nf5 {[%clk 0:55:06]} 19. hxg5 {[%clk 0:48:43]}  hxg5 {[%clk 0:55:28]} 20. Rh7 {[%clk 0:45:23]}  Rd8 {[%clk 0:46:02]} 21. O-O-O {[%clk 0:38:28]}  Rxh7 {[%clk 0:38:43]} 22. Nxh7 {[%clk 0:38:43]}  Rg8 {[%clk 0:36:22]} 23. Rh1 {[%clk 0:35:52]}  Nce7 {[%clk 0:23:03]} 24. Rh5 {[%clk 0:31:42]}  Be8 {[%clk 0:11:34]} 25. Rxg5 {[%clk 0:31:24]}  Rh8 {[%clk 0:12:03]} 26. Nf6 {[%clk 0:31:38]}  Rh1+ {[%clk 0:12:11]} 27. Bd1 {[%clk 0:29:28]}  Bxa4 {[%clk 0:12:28]} 28. Qc5+ {[%clk 0:20:52]}  Qxc5 {[%clk 0:11:58]} 29. dxc5 {[%clk 0:21:16]}  f3 {[%clk 0:08:54]} 30. g4 {[%clk 0:17:56]}  Ng3 {[%clk 0:07:55]} 31. Be3 {[%clk 0:17:16]}  Ne2+ {[%clk 0:07:25]} 32. Kd2 {[%clk 0:17:42]}  d4 {[%clk 0:06:36]} 33. Bxd4 {[%clk 0:17:26]}  Nxd4 {[%clk 0:06:54]} 34. cxd4 {[%clk 0:10:19]}  c3+ {[%clk 0:07:15]} 35. Kc1 {[%clk 0:10:14]}  Bb5 {[%clk 0:07:25]} 36. Ne4 {[%clk 0:10:00]}  Be2 {[%clk 0:07:12]} 37. Nxc3 {[%clk 0:10:24]}  Nd5 {[%clk 0:07:38]} 38. Nxd5 {[%clk 0:09:50]}  Rxd1+ {[%clk 0:07:35]} 39. Kb2 {[%clk 0:10:16]}  exd5 {[%clk 0:07:37]} 40. e6 {[%clk 0:10:39]}  Kd8 {[%clk 0:03:47]} 41. Rxd5+ {[%clk 0:07:16]}  Ke7 {[%clk 0:04:11]} 42. Kc3 {[%clk 0:06:47]}  Kxe6 {[%clk 0:04:01]} 43. Rd6+ {[%clk 0:05:52]}  Ke7 {[%clk 0:04:28]} 44. d5 {[%clk 0:05:48]}  Rg1 {[%clk 0:02:32]} 45. Re6+ {[%clk 0:05:04]}  Kf7 {[%clk 0:02:31]} 46. Re4 {[%clk 0:04:35]}  Rd1 {[%clk 0:02:05]} 47. Re5 {[%clk 0:03:44]}  Kf6 {[%clk 0:01:36]} 48. Rf5+ {[%clk 0:03:41]}  Ke7 {[%clk 0:01:43]} 49. g5 {[%clk 0:03:40]}  Rg1 {[%clk 0:01:06]} 50. Kd4 {[%clk 0:03:24]}  Rg4+ {[%clk 0:01:30]} 51. Ke5 {[%clk 0:03:11]}  Bc4 {[%clk 0:01:44]} 52. c6 {[%clk 0:01:59]}  bxc6 {[%clk 0:01:44]} 53. dxc6 {[%clk 0:02:24]}  Be6 {[%clk 0:00:36]} 54. Rxf3 {[%clk 0:02:42]}  Rxg5+ {[%clk 0:01:00]} 55. Kd4 {[%clk 0:02:58]}  Rd5+ {[%clk 0:01:26]} 56. Kc3 {[%clk 0:02:11]}  Rc5+ {[%clk 0:01:28]} 57. Kb4 {[%clk 0:02:20]}  Rxc6 {[%clk 0:01:48]} 58. Ra3 {[%clk 0:02:14]}  a6 {[%clk 0:02:10]} 59. Rc3 {[%clk 0:02:40]}  a5+ {[%clk 0:02:28]} 0-1